Fiestas populares tradicionales cubanas /
Salvato in:
| Autore principale: | |
|---|---|
| Ente Autore: | |
| Natura: | Sconosciuto |
| Lingua: | Spanish |
| Pubblicazione: |
La Habana, Cuba :
Ciencias Sociales,
1998.
|
| Soggetti: | |
| Tags: |
Aggiungi Tag
Nessun Tag, puoi essere il primo ad aggiungerne!!
|
MARC
| LEADER | 000000000a22000000004500 | ||
|---|---|---|---|
| 001 | 003698 | ||
| 020 | |a 9590603092 | ||
| 041 | 0 | |a spa | |
| 082 | 0 | 4 | |a 394.2 |b F466f |
| 110 | 2 | |a Centro de Investigación y Desarrollo de la Cultura Cubana Juan Marinello | |
| 100 | 1 | |a Barreal, Isaac | |
| 245 | 1 | 0 | |a Fiestas populares tradicionales cubanas / |c Centro de Investigación y Desarrollo de la Cultura Cubana Juan Marinello, Isaac Barreal. |
| 260 | 1 | |a La Habana, Cuba : |b Ciencias Sociales, |c 1998. | |
| 300 | |a 281 páginas | ||
| 500 | |a Colección George Yúdice | ||
| 650 | 4 | |a FESTIVALES | |
| 650 | 4 | |a CUBA | |
| 650 | 4 | |a VIDA SOCIAL Y COSTUMBRES | |
| 999 | |c 10166 |d 10166 | ||
| 942 | |c BK |h 394.2 F466f |2 z | ||



